| 000 | 00701nam a2200193Ii 4500 | ||
|---|---|---|---|
| 003 | JO-AjNU | ||
| 008 | 230605s9999||||xx |||||||||||||| ||und|| | ||
| 040 |
_aJO-AjNU _bara _erda _cJO-AjNU |
||
| 041 | _aara | ||
| 050 | 1 | 4 | _aDS154.5.K426 2006 |
| 100 | 3 |
_aاعداد وتاليف الخليلي، محمد فواز مصطفى , _eauthor _99407 |
|
| 245 | 0 | 0 | _aقراءات في الثوابت الأردنية " الاردن أولا" |
| 264 | 3 | 1 | _aعمان: المؤلف، 2006 |
| 300 |
_a85ص _bصور توضيحية |
||
| 336 |
_atext _btxt _2rdacontent |
||
| 337 |
_aunmediated _bn _2rdamedia |
||
| 338 |
_avolume _bnc _2rdacarrier |
||
| 650 | 4 |
_aالاردن-تاريخ - الاردن اولا _99408 |
|
| 999 |
_aA1285 _c4853 _d4853 |
||